Statistics for Countries With The Most NBA Players With Exceptions

Click here to take the quiz!

General Stats

  • This quiz has been taken 63 times
    (48 since last reset)
  • The average score is 12 of 24

Answer Stats

#Country% Correct
25Australia
90%
50Canada
83%
6China
83%
5Japan
80%
12Argentina
76%
17Brazil
76%
5Mexico
76%
3New Zealand
66%
21Nigeria
63%
12Turkey
59%
9Dominican Republic
49%
4D. R. Congo
46%
5Bahamas
41%
3Haiti
39%
4Cameroon
34%
3Israel
34%
8Jamaica
32%
4Panama
32%
3Philippines
32%
12Senegal
29%
6Venezuela
29%
10Georgia
15%
3Belize
12%
4Lebanon
12%

Score Distribution

Percentile by Number Answered

Percent of People with Each Score

Your Score History

You have not taken this quiz since the last reset